Stories about storytellers : publishing Alice Munro, Robertson Davies, Alistair MacLeod, Pierre Trudeau, and others
Saved in:
| Main Author | |
|---|---|
| Other Authors | |
| Format | eBook |
| Language | English |
| Published |
Toronto :
ECW Press,
©2011.
|
| Subjects | |
| Online Access | Full text |
| ISBN | 9781770900509 9781770900493 9781770410688 9781770900516 |
| Physical Description | 1 online zdroj (ix, 380 stran) : ilustrace |
| LEADER | 00000cam a2200000 a 4500 | ||
|---|---|---|---|
| 001 | 113424 | ||
| 003 | CZ-ZlUTB | ||
| 005 | 20260323134002.0 | ||
| 006 | m o d | ||
| 007 | cr |n||||||||| | ||
| 008 | 120221s2011 onca fo 000 0deng d | ||
| 020 | |a 9781770900509 | ||
| 020 | |a 9781770900493 | ||
| 020 | |z 9781770410688 | ||
| 020 | |z 9781770900516 | ||
| 035 | |a (OCoLC)1066643167 |z (OCoLC)718183205 |z (OCoLC)756192731 |z (OCoLC)808349212 |z (OCoLC)865183524 |z (OCoLC)1151329964 | ||
| 040 | |a WYU |b eng |c WYU |d OCLCO |d NLC |d EBLCP |d N$T |d YDXCP |d MHW |d OCLCL |d OCLCQ |d HOPLA |d CLOUD |d OCLCO |d OCLCQ |e rda | ||
| 043 | |a n-cn--- | ||
| 072 | 7 | |a 821.09 |x Literatura v různých jazycích (o ní) |2 Konspekt |9 11 | |
| 072 | 7 | |a 929 |x Biografie |2 Konspekt |9 8 | |
| 080 | |a 655.41-051 |2 MRF | ||
| 080 | |a (71) |2 MRF | ||
| 080 | |a 821(71)-051 |2 MRF | ||
| 080 | |a 821(71)-055.2 |2 MRF | ||
| 080 | |a (0.034.2:08) |2 MRF | ||
| 080 | |a (0:82-322.6) |2 MRF | ||
| 100 | 1 | |a Gibson, Douglas | |
| 240 | 1 | 0 | |a Stories about storytellers (Online) |
| 245 | 1 | 0 | |a Stories about storytellers : |b publishing Alice Munro, Robertson Davies, Alistair MacLeod, Pierre Trudeau, and others / |c by Douglas Gibson ; with illustrations by Anthony Jenkins. |
| 260 | |a Toronto : |b ECW Press, |c ©2011. | ||
| 300 | |a 1 online zdroj (ix, 380 stran) : |b ilustrace | ||
| 504 | |a Obsahuje bibliografické odkazy. | ||
| 506 | |a Plný text je dostupný pouze z IP adres počítačů Univerzity Tomáše Bati ve Zlíně nebo vzdáleným přístupem pro zaměstnance a studenty | ||
| 590 | |a eBooks on EBSCOhost |b All EBSCO eBooks | ||
| 600 | 1 | 7 | |a Gibson, Douglas, |d 1943- |7 utb20191025295 |2 czenas |
| 650 | 0 | 7 | |a nakladatelé a vydavatelé |7 ph115418 |z Kanada |2 czenas |
| 650 | 0 | 7 | |a kanadští spisovatelé |7 ph121420 |2 czenas |
| 650 | 0 | 7 | |a kanadské spisovatelky |7 ph316314 |2 czenas |
| 650 | 0 | 9 | |a publishers and publishing |z Canada |2 eczenas |
| 650 | 0 | 9 | |a Canadian authors |2 eczenas |
| 650 | 0 | 9 | |a Canadian women authors |2 eczenas |
| 655 | 7 | |a elektronické knihy |7 fd186907 |2 czenas | |
| 655 | 7 | |a autobiografické příběhy |7 fd131891 |2 czenas | |
| 655 | 9 | |a electronic books |2 eczenas | |
| 655 | 9 | |a autobiographical stories |2 eczenas | |
| 700 | 1 | |a Jenkins, Anthony. | |
| 776 | 0 | 8 | |i Print version: |a Gibson, Douglas. |t Stories about storytellers. |d Toronto : ECW Press, ©2011 |z 9781770410688 |w (DLC) 2011535231 |w (OCoLC)712124499 |
| 856 | 4 | 0 | |u https://search.ebscohost.com/login.aspx?direct=true&scope=site&db=nlebk&AN=388531&authtype=ip,shib&custid=s3936755 |
| 942 | |2 udc | ||
| 992 | |c EBOOK-TN |c EBSCO | ||
| 993 | |x NEPOSILAT |y EIZ | ||
| 999 | |c 113424 |d 113424 | ||